Statistics for Name the Song

Click here to take the quiz!

General Stats

  • This quiz has been taken 25 times
  • The average score is 4 of 15

Answer Stats

HintAnswer% Correct
"There is a house in New Orleans"The House of the Rising Sun
82%
"Open your eyes, look up to the skies and see"Bohemian Rhapsody
77%
"Tommy used to work on the docks"Livin' on a Prayer
68%
"I ain't the sharpest tool in the shed"All Star
27%
"I hear Jerusalem, bells are ringing"Viva La Vida
27%
"And I don't want the whole world to see me"Iris
18%
"I feel it in my bones, enough to make my system blow"Radioactive
18%
"Young hearts be free tonight"Young Turks
18%
"Wish we could turn back time to the good ol' days"Stressed Out
9%
"I'm the one at the sail, I'm the master of my sea"Believer
5%
"Just a man and his will to survive"Eye of the Tiger
5%
"I howled at the moon with friends and then the sun came crashing in"Best Day of my Life
0%
"Some legends are told, some turn to dust or to gold"Centuries
0%
"On the other side of a street I knew"Drive By
0%
"We have got our stories but please tell me what there's to complain about"Good Life
0%

Score Distribution

Percentile by Number Answered

Percent of People with Each Score

Your Score History

You have not taken this quiz